=LDR 00000nam 2200000 4500 =001 INLIS000000000059921 =990 ##$$a 3202103606 =005 20220311023420 =990 ##$$a 3202103607 =035 ##$$a 0010-1221000148 =990 ##$$a 3202103608 =007 ta =008 220311###########################0#ind## =082 ##$$a R.324.02 =084 ##$$a R.324.02 Ind u =245 ##$$a UU RI No.23 Tahun 2003 Tentang Pemilihan Umum Presiden dan Wakil Presiden /$c Komisi Pemilihan Umum Nasional =300 ##$$a xxx,121 halaman ; $c 21 cm. =650 #4$$a Presiden- Pemilihan =264 ##$$a jakarta :$b Lembaga Informasi Nasional,$c 2004 =336 ##$$a teks$2 rdacontent =337 ##$$a lain-lain$2 rdamedia =338 ##$$a lain-lain$2 rdacarrier =990 ##$$a 3202103606 =990 ##$$a 3202103607 =990 ##$$a 3202103608 =990 ##$$a 3202103607 =990 ##$$a 3202103606 =990 ##$$a 3202103608